| 000 | 00577nam a2200205 a 4500 | ||
|---|---|---|---|
| 005 | 20250903063916.0 | ||
| 008 | 130917s2011 mx r 000 0 spa d | ||
| 020 | _a9786074110678 | ||
| 035 | _aUPN01000192951 | ||
| 049 | _aCG | ||
| 050 | 4 |
_aPQ7298.423 A3.2 _bC6.6 |
|
| 100 | 1 |
_aMagallanes, Alejandro, _d1971- _934562 |
|
| 245 | 1 | 1 |
_a¿Con qué rima tima? / _cAlejandro Magallanes. |
| 260 |
_aMéxico : _bAlmadía, _c2011. |
||
| 300 |
_a181 p. : _bil. col |
||
| 440 | 0 | _aPoesía | |
| 650 | 4 |
_aLiteratura mexicana _ySiglo XXI _917492 |
|
| 905 | _aLibro | ||
| 999 |
_c165052 _d165052 |
||